Statistics for Swedish Royal Family

Click here to take the quiz!

General Stats

  • This quiz has been taken 257 times
    (15 since last reset)
  • The average score is 10 of 17

Answer Stats

HintAnswer% Correct
Crown PrincessVictoria
92%
KingCarl Gustaf
77%
PrincessEstelle
77%
PrincessMadeleine
77%
QueenSilvia
77%
PrinceDaniel
69%
PrinceCarl Philip
62%
Mr.Christopher O'Neill
62%
PrincessSofia
62%
PrinceOscar
54%
PrinceAlexander
46%
PrinceGabriel
38%
PrinceJulian
38%
PrincessLeonore
38%
PrinceNicolas
38%
PrincessAdrienne
31%
PrincessBirgitta
23%

Score Distribution

Percentile by Number Answered

Percent of People with Each Score

Your Score History

You have not taken this quiz since the last reset